Online
Catalog

La historia de San Lorenzo / (Record no. 23596)

MARC details
000 -CABECERA
campo de control de longitud fija 00767nam a2200217 a 4500
001 - NÚMERO DE CONTROL
campo de control 000024101
005 - FECHA Y HORA DE LA ÚLTIMA TRANSACCIÓN
campo de control 20200930022723.0
008 - DATOS DE LONGITUD FIJA--INFORMACIÓN GENERAL
campo de control de longitud fija 110118s1986 pr abc r 001 0 spa d
020 ## - NÚMERO INTERNACIONAL ESTÁNDAR DEL LIBRO
Número Internacional Estándar del Libro 8459966941
040 ## - FUENTE DE LA CATALOGACIÓN
Centro catalogador/agencia de origen DO-SdBNP
Lengua de catalogación spa
Centro/agencia transcriptor BNPHU
082 ## - NÚMERO DE LA CLASIFICACIÓN DECIMAL DEWEY
Número de clasificación xxxxx
Número de documento/Ítem M337h
049 ## - FONDOS LOCALES (OCLC)
Fondos de biblioteca BNGR
100 1# - ENTRADA PRINCIPAL--NOMBRE DE PERSONA
Nombre de persona Marín Pedraza, Raúl
9 (RLIN) 49511
245 13 - MENCIÓN DE TÍTULO
Título La historia de San Lorenzo /
Mención de responsabilidad, etc. Raúl Marín Pedraza , Ana Mercedes Aponte Roque.
260 ## - PUBLICACIÓN, DISTRIBUCIÓN, ETC.
Lugar de publicación, distribución, etc. San Juan, Puerto Rico :
Nombre del editor, distribuidor, etc. [s. l.],
Fecha de publicación, distribución, etc. 1986.
300 ## - DESCRIPCIÓN FÍSICA
Extensión xii, 356 p. ; :
Otras características físicas il., mapas., retrs. ;
Dimensiones 24.5 cm.
500 ## - NOTA GENERAL
Nota general Incluye bibliografía p. [287-288].
500 ## - NOTA GENERAL
Nota general Incluye índice onomástico.
504 ## - NOTA DE BIBLIOGRAFÍA, ETC.
Nota de bibliografía, etc. Incluye referencias bibliográficas y notas al pie de las páginas.
700 1# - PUNTO DE ACCESO ADICIONAL--NOMBRE DE PERSONA
Nombre de persona Aponte Roque, Ana Mercedes
9 (RLIN) 49512
Holdings
Estado de retiro Estado de pérdida Restricciones de uso No para préstamo Código de colección Localización permanente Ubicación/localización actual Ubicación en estantería Fecha de adquisición Número de inventario Total de préstamos Signatura topográfica completa Código de barras Fecha visto por última vez Precio válido a partir de Tipo de ítem Koha
        Monografías: Libros y Folletos General General En catalogación 18.01.2011 LF1   xxxxx M337h 24101-10 25.06.2020 25.06.2020 Préstamo en sala

Powered by Koha